00420nam a22001457a 450000500170000000800410001702200130005804100240007108200130009510000250010824500420013326000450017530000280022065000260024820240313141102.0240313b |||||||| |||| 00| 0 eng d a02577747 aAfrikaans / English a349 TYD  lAfrikaans / English  aTydskrif vir die Suid-Afrikaanse Reg  aKaapstad : bJuta en Kie Beperk, c2012  b203 blaadsye ; c25 cm. aLegal practice bLaw